| 000 | 00772nam a2200205 4500 | ||
|---|---|---|---|
| 001 | 154131 | ||
| 003 | ES-MaACL | ||
| 005 | 20230906205533.0 | ||
| 008 | 941229s1886 gw |||| | lat d | ||
| 040 |
_aEUS _bspa _cEUS |
||
| 245 | 0 | 0 |
_aFormulae Merowingici et Karolini Aevi / _cedidit Karolus Zeumer. |
| 260 |
_aHannoverae : _bImpensis Bibliopolii Hahniani, _c1886 ( _fTypis Culemannorum) |
||
| 300 | _aXX, 782 p. ; 32 cm. | ||
| 490 | 1 | _aMonumenta Germaniae Historica. Legum Sectio V | |
| 505 | 8 | _aContiene además: Ordines iudiciorum dei | |
| 700 | 1 | 1 |
_aZeumer, Carl, ed.lit. _9134040 |
| 830 | 0 |
_aMonumenta Germaniae Historica. Legum Sectio V _9221461 |
|
| 852 |
_aES-MaACL _jD-8808 _z-- Enc. pasta española conservando la cub. original |
||
| 999 |
_c154131 _d154131 |
||